How to design and evaluate research in education /

Đã lưu trong:
Sonraí Bibleagrafaíochta
Príomhúdar: Fraenkel, Jack R., 1932-
Údair Eile: Wallen, Norman E.
Formáid: Leabhar
Teanga:English
Foilsithe: Boston : McGraw-Hill, c2006.
Eagrán:6th ed.
Ábhair:
Clibeanna: Cuir Clib Leis
Gan Chlibeanna, Bí ar an gcéad duine leis an taifead seo a chlibeáil!
Thư viện lưu trữ: Mạng thư viện Đại học Đà Nẵng
LEADER 01265nam a22003491a 4500
001 000035332
003 11609
005 20241009165749.0
008 151113s2006 000 eng
020 |a 9780072981360 
041 |a eng 
082 0 0 |a 370  |b FR-J 
100 1 |a Fraenkel, Jack R.,  |d 1932- 
245 1 0 |a How to design and evaluate research in education /  |c Jack R. Fraenkel, Norman E. Wallen. 
250 |a 6th ed. 
260 |a Boston :  |b McGraw-Hill,  |c c2006. 
300 |a xxxii, 1 v. (various pagings) :  |b ill. (some col.) ;  |c 27 cm. 
504 |a Includes bibliographical references and index. 
650 0 |a Education  |x Research  |x Methodology. 
650 0 |a Education  |x Research  |x Evaluation. 
650 0 |a Proposal writing in educational research. 
700 1 |a Wallen, Norman E. 
OWN |a LNN 
AVA |a UDN50  |b LNN  |c English  |d 370FR-J  |e available  |t Error 5001 Not defined in file expand_doc_bib_avail.  |f 1  |g 0  |h N  |i 0  |j AN  |k 1 
999 |a From the UDN01 
AVA |a UDN50  |b LNN  |c English  |d 370FR-J  |e available  |t Error 5001 Not defined in file expand_doc_bib_avail.  |f 1  |g 0  |h N  |i 0  |j AN  |k 1 
TYP |a Monograph 
TYP |a Printed language 
980 |a Mạng thư viện Đại học Đà Nẵng